000
00252nam a2200109Ia 4500
005
20251222154359.0
008
251222s9999||||xx |||||||||||||| ||spa||
082
_a
858.9/S98
100
_a
"Svevo, Italo"
245
0
_a
La conciencia de Zeno
942
_c
LIB
999
_c
35218
_d
35218